Eastern Most African Countries - Statistics

General Stats
  • This quiz has been taken 26 times
  • The average score is 8 of 10
Answers on the Map
Answers color-coded by a green-red scale on the quiz's map according to % correct below.
 
Answer Stats
Answer % Correct
Tanzania
90%
Burundi
86%
Kenya
86%
Madagascar
86%
Rwanda
86%
Somalia
86%
South Sudan
86%
Mozambique
81%
Uganda
81%
Seychelles
76%
No matching quizzes found
Score Distribution
Percent of People with Each Score
Percentile by Number Answered
Your Score History
You have not taken this quiz